Everything is romantic featuring caroline polachek - Charli xcx - All - Statistics

General Stats
  • This quiz has been taken 15 times
  • The average score is 413 of 533
Answer Stats
Answer % Correct
a—
100%
a
100%
again
100%
(Everything
100%
everything
100%
Everything
100%
Fall
100%
I
100%
in
100%
is)
100%
is
100%
love
100%
an
92%
Oh,
92%
(Uh)
92%
(Uh-uh)
92%
and
85%
me,
85%
me
85%
romantic,
85%
(Romantic)
85%
Romantic
85%
the
85%
you
85%
you,
85%
Hey,
77%
on
77%
on,
77%
to
77%
all
69%
All
69%
been?
69%
by
69%
Charli
69%
mine
69%
night
69%
studio
69%
that
69%
that's
69%
think
69%
time
69%
time?
69%
up,
69%
up
69%
your
69%
awake
62%
'bout
62%
bus
62%
calls
62%
'cause
62%
fucking
62%
girl,
62%
Girl
62%
how
62%
it's
62%
(It's
62%
just
62%
kept
62%
sign
62%
Sleepyhead
62%
soaking
62%
stop
62%
thinking
62%
Tokyo
62%
Walk
62%
wet
62%
what's
62%
you're
62%
advice
54%
autumn
54%
bleeding
54%
crazy,
54%
distance
54%
face
54%
Foxes
54%
Free
54%
Hungover
54%
last
54%
mind?)
54%
my
54%
need
54%
Need
54%
of
54%
rain
54%
right?
54%
was
54%
work
54%
ACAB
46%
back
46%
black
46%
brain
46%
but
46%
dream,
46%
Everything's
46%
from
46%
I'm
46%
Late
46%
living
46%
Living
46%
London
46%
nights
46%
not
46%
off
46%
shut
46%
silk
46%
would
46%
Am
38%
bed
38%
bells
38%
Catch
38%
Church
38%
East
38%
feel
38%
fingerprints
38%
hotel
38%
knew
38%
life)
38%
life
38%
like
38%
play
38%
relationship
38%
still
38%
tag
38%
trying
38%
Trying
38%
windowpane
31%
Dark
23%
Did
23%
feed
23%
Headphones
23%
Lime
23%
logistics
23%
lose
23%
perspective?
23%
photo
23%
playing
23%
Silver
23%
slump?
23%
smothered
23%
throws
23%
blink
15%
canal
15%
card
15%
Celtic
15%
change
15%
eye
15%
graves
15%
hit
15%
park,
15%
scratch
15%
set
15%
six-pound
15%
things
15%
wine
15%
relatе
0%
you'rе
0%
No matching quizzes found
Score Distribution
Percent of People with Each Score
Percentile by Number Answered
Your Score History
You have not taken this quiz